Top 14, clubs de la saison 2025-2026. - Statistiques

Statistiques générales
  • Ce quiz a été pris 188 fois
  • Le résultat moyen est 13 sur 14
Statistiques - réponses
Classement saison 2025 Clubs % Correct
2e Union Bordeaux-Bègles
99%
1er Stade toulousain
99%
12e Stade français Paris
99%
3e RC Toulon
97%
7e Stade rochelais
95%
11e Lyon OU
95%
5e ASM Clermont
92%
4e Aviron bayonnais
92%
8e Section paloise
92%
10e Racing 92
92%
9e Montpellier HR
92%
13e USA Perpignan
91%
6e Castres olympique
86%
1er (Pro D2) US Montauban
83%
Aucun quiz correspondant
Distribution des résultats
% des personnes avec chaque résultat
Percentile par nombre de réponses
Votre historique - résultats
Vous n’avez pas pris ce quiz